Alte Namen von Städten - Statistiken

Allgemein
  • Dieses Quiz wurde 565 mal gespielt
  • Das Durchschnittsergebnis liegt bei 7 aus 16
Antwortstatistiken
Alter Name Neuer Name % Korrekt
Beograd Belgrad
90%
Byzantion Istanbul
78%
Santiago de León de Caracas Caracas
68%
Königsberg Kaliningrad
65%
Fort Pontchartrain du Détroit Detroit
64%
Edo Tokio
63%
Tenochtitlán Mexiko-Stadt
57%
Dacca Dhaka
39%
Kalkutta Kolkata
35%
Londonderry Derry
34%
's Gravenhage Den Haag
29%
Batavia Jakarta
29%
Canton Guangzhou
19%
Tingis Tanger
5%
Akmola Astana
4%
Raj Shahi Islamabad
4%
Keine übereinstimmenden Quizze gefunden
Verteilung der Resultate
Anzahl Personen mit jedem Resultat
Perzentil nach korrekt beantworteten Fragen
Ihre Resultats-Entwicklung
Sie haben dieses Quiz noch nicht gespielt